000
00315nam a22001337a 4500
008
170904b xxu||||| |||| 00| 0 eng d
020
_a
19312458(2010)4(4)
041
_a
eng
080
_a
070
100
_a
40
101
_a
MED
245
_a
COMMUNICATION METHODS AND MEASURES
_c
EWOLSEN.D.R
942
_2
udc
_c
BK
999
_c
26045
_d
26045